The Numerical Analysis of Accuracy of Hydraulic Leg Cylinder in Modeling Using Solid Works Simulation; Applied Mechanics and Materials; Vol. 770 : Urgent Problems of Up-to-Date Mechanical Engineering
| Parent link: | Applied Mechanics and Materials: Scientific Journal Vol. 770 : Urgent Problems of Up-to-Date Mechanical Engineering.— 2015.— [P. 456-460] |
|---|---|
| Autor principal: | |
| Autor corporatiu: | |
| Altres autors: | , |
| Sumari: | Title screen The research work on the influence of an angle α at centre and the finite element sizes in modeling a hydraulic leg cylinder has been done to determine the stress-strain state by FEM using SolidWorks Simulation software. Based on the analysis results the reasonable values of the central angle and finite elements for the cylinder and weld have been defined in terms of the smallest error and maximum performance computation. Режим доступа: по договору с организацией-держателем ресурса |
| Idioma: | anglès |
| Publicat: |
2015
|
| Col·lecció: | Designing and Modelling of Machines and Mechanisms |
| Matèries: | |
| Accés en línia: | http://dx.doi.org/10.4028/www.scientific.net/AMM.770.456 |
| Format: | Electrònic Capítol de llibre |
| KOHA link: | https://koha.lib.tpu.ru/cgi-bin/koha/opac-detail.pl?biblionumber=643411 |
MARC
| LEADER | 00000nla2a2200000 4500 | ||
|---|---|---|---|
| 001 | 643411 | ||
| 005 | 20231102025250.0 | ||
| 035 | |a (RuTPU)RU\TPU\network\8403 | ||
| 035 | |a RU\TPU\network\8401 | ||
| 090 | |a 643411 | ||
| 100 | |a 20150909a2015 k y0engy50 ba | ||
| 101 | 0 | |a eng | |
| 105 | |a a z 101zy | ||
| 135 | |a drcn ---uucaa | ||
| 181 | 0 | |a i | |
| 182 | 0 | |a b | |
| 200 | 1 | |a The Numerical Analysis of Accuracy of Hydraulic Leg Cylinder in Modeling Using Solid Works Simulation |f G. D. Buyalich, A. V. Anuchin, A. A. Dronov | |
| 203 | |a Text |c electronic | ||
| 225 | 1 | |a Designing and Modelling of Machines and Mechanisms | |
| 300 | |a Title screen | ||
| 330 | |a The research work on the influence of an angle α at centre and the finite element sizes in modeling a hydraulic leg cylinder has been done to determine the stress-strain state by FEM using SolidWorks Simulation software. Based on the analysis results the reasonable values of the central angle and finite elements for the cylinder and weld have been defined in terms of the smallest error and maximum performance computation. | ||
| 333 | |a Режим доступа: по договору с организацией-держателем ресурса | ||
| 461 | 0 | |0 (RuTPU)RU\TPU\network\5920 |t Applied Mechanics and Materials |o Scientific Journal | |
| 463 | 0 | |0 (RuTPU)RU\TPU\network\8263 |t Vol. 770 : Urgent Problems of Up-to-Date Mechanical Engineering |o International conference, December 11-12, 2014, Yurga, Russia |o [proceedings] |f National Research Tomsk Polytechnic University (TPU) ; ed. D. A. Chinakhov |v [P. 456-460] |d 2015 | |
| 610 | 1 | |a электронный ресурс | |
| 610 | 1 | |a труды учёных ТПУ | |
| 610 | 1 | |a гидравлические цилиндры | |
| 610 | 1 | |a МКЭ | |
| 610 | 1 | |a крепи | |
| 610 | 1 | |a численный анализ | |
| 610 | 1 | |a SolidWorks Simulation | |
| 700 | 1 | |a Buyalich |b G. D. |c Mining engineer |c Professor of Yurga Technological Institute (branch) of Tomsk Polytechnic University, Doctor of technical sciences |f 1952- |g Gennadiy Daniilovich |2 stltpush |3 (RuTPU)RU\TPU\pers\35140 |9 18415 | |
| 701 | 1 | |a Anuchin |b A. V. |c specialist in the field of mechanical engineering |c senior lecturer of Yurga technological Institute of Tomsk Polytechnic University |f 1986- |g Aleksandr Vladimirovich |2 stltpush |3 (RuTPU)RU\TPU\pers\35169 |9 18435 | |
| 701 | 1 | |a Dronov |b A. A. |c specialist in the field of mechanical engineering |c assistant of Yurga technological Institute of Tomsk Polytechnic University |f 1986- |g Anton Anatolievich |2 stltpush |3 (RuTPU)RU\TPU\pers\35168 | |
| 712 | 0 | 2 | |a Национальный исследовательский Томский политехнический университет (ТПУ) |b Юргинский технологический институт (филиал) (ЮТИ) |b Кафедра горно-шахтного оборудования (ГШО) |h 2088 |2 stltpush |3 (RuTPU)RU\TPU\col\18984 |
| 801 | 2 | |a RU |b 63413507 |c 20150910 |g RCR | |
| 856 | 4 | 0 | |u http://dx.doi.org/10.4028/www.scientific.net/AMM.770.456 |
| 942 | |c CF | ||